Goyle's law of specific performance / (Record no. 82003)

MARC details
000 -LEADER
fixed length control field 00542nam a22002057a 4500
005 - DATE AND TIME OF LATEST TRANSACTION
control field 20221228122954.0
010 ## - LCCN (DPL NO)
LC control number ENG-109170
020 ## - INTERNATIONAL STANDARD BOOK NUMBER
International Standard Book Number 9788171772742
Terms of availability 695.00
035 ## - SYSTEM CONTROL NUMBER
System control number EN-92703
037 ## - SOURCE OF ACQUISITION
Source of stock number/acquisition DBAD/PUB
082 ## - DEWEY DECIMAL CLASSIFICATION NUMBER
Classification number 340
100 ## - MAIN ENTRY--PERSONAL NAME
Personal name Saharay, H.K.
245 ## - TITLE STATEMENT
Title Goyle's law of specific performance /
Statement of responsibility, etc by H.K. Saharay
250 ## - EDITION STATEMENT
Edition statement 4th ed
260 ## - PUBLICATION, DISTRIBUTION, ETC. (IMPRINT)
Place of publication, distribution, etc Kolkata
Name of publisher, distributor, etc Eastern Law House
Date of publication, distribution, etc 2014
270 ## - ADDRESS
Address 54 Ganesh Chunder Avenue
City Kolkata
Postal code 700013
300 ## - PHYSICAL DESCRIPTION
Extent 624p.
Dimensions 22cm(Hb)
500 ## - GENERAL NOTE
General note Includes index
942 ## - ADDED ENTRY ELEMENTS (KOHA)
Source of classification or shelving scheme Dewey Decimal Classification
Item type English Books
Call number suffix SAH
Holdings
Withdrawn status Lost status Not for loan Collection code Home library Current library Date acquired Source of acquisition Cost, normal purchase price Full call number Barcode Copy number Cost, replacement price Koha item type
      Non-fiction Diz Area Diz Area 20/01/2014 DBAD 695.00 340 SAH EN-92703 1 695.00 English Books

© Delhi Public Library
Hit Counter
free hit counter